000 00391nam a22001577a 4500
005 20250619121659.0
008 250619b |||||||| |||| 00| 0 eng d
020 _a978-1534502109
100 _aMANZANO MEGAN
245 _aCYBERWARFARE
260 _aNEW YORK
_bGREENHAVEN
_c2018
300 _a120P.
500 _aINCLUDES AN INDEX
650 _aCYBERSPACE OPERATIONS
942 _2lcc
_cBK
999 _c215718
_d215718